00521nam a2200133Ia 4500008004100000041000800041082002700049100002000076245002900096260003100125300000900156999001900165952020300184230411s9999 xx 000 0 und d aeng aCH/610.7343/BAS/B04260 aSwarnkar Keshav aCommunity Health Nursing bN R BrothersaIndorec2004 a803p c154960d154960 001040708CHaBTINbBTINd2007-11-21eB.J.Medical Co-oprative College Storesg495.00i9184l2oCH 610.7343 BAS B04260pBTIN-BK-4260r2024-12-10 00:00:00s2024-11-12v371.00w2005-09-05yBKzB04260